| 000 | 00865cam a2200313 i 4500 | ||
|---|---|---|---|
| 001 | 768714001 | ||
| 003 | CO-MdFUSB | ||
| 005 | 20250528100723.0 | ||
| 007 | ta | ||
| 008 | 190425t1986 -ag||||| |||| 00| 0 spa d | ||
| 020 | _a0830850783 | ||
| 040 | _cCO-MdFUSB | ||
| 041 | 0 |
_aspa _heng |
|
| 082 | 0 | 4 |
_223 _a248.4 _bW5821u |
| 100 | 1 |
_aWhite, John (1924-) _eautor |
|
| 240 | _aThe fight | ||
| 245 | 1 | 0 |
_aLa Lucha _c/ John White ; traducido por Adriana Powell |
| 264 | 1 |
_bEdiciones Certeza, _aBuenos Aires, Argentina : _c[1979] |
|
| 264 | 4 | _c©1979 | |
| 300 | _a204 páginas | ||
| 336 |
_atexto _btxt _2rdacontent |
||
| 337 |
_2rdamedia _asin mediación _bn |
||
| 338 |
_2rdacarrier _avolumen _bnc |
||
| 563 | _aRústico | ||
| 650 | 0 |
_aVida cristiana _919 |
|
| 700 |
_aPowell, Adriana _91653 _etraductor |
||
| 942 | _cBK | ||
| 945 | _aMiguel Gómez | ||
| 999 |
_c35894 _d35894 |
||